[Event "Verbandsliga Suedbaden 1819"]
[Site "Baden"]
[Date "2019.03.10"]
[Round "7.8"]
[White "Martin, Richard"]
[Black "Petras, Nils"]
[Result "1-0"]
[WhiteElo "1941"]
[BlackElo "1958"]
[PlyCount "95"]
[EventDate "2018.10.14"]
[EventType "team-tourn"]
[EventRounds "9"]
[EventCountry "GER"]
[SourceTitle "EXT 2020"]
[Source "ChessBase"]
[SourceDate "2019.10.17"]
[SourceVersion "1"]
[SourceVersionDate "2019.10.17"]
[SourceQuality "1"]
[WhiteTeam "Baden-Baden IV"]
[BlackTeam "Konstanz"]
[WhiteTeamCountry "GER"]
[BlackTeamCountry "GER"]

1. e4 c5 2. c3 d5 3. exd5 Qxd5 4. d4 Nc6 5. Nf3 Bg4 6. Be2 Nf6 7. Be3 cxd4 8. cxd4 e6 9. 0-0 Be7 10. Nc3 Qd8 11. a3 0-0 12. h3 Bh5 13. Qb3 Na5 14. Qa2 a6 15. b4 Nc6 16. Rfd1 Nd5 17. Nxd5 exd5 18. Ne5 Nxe5 19. dxe5 Bxe2 20. Qxe2 a5 21. Qb5 axb4 22. axb4 Rxa1 23. Rxa1 Qc7 24. Qxd5 Rd8 25. Qe4 Qc3 26. Ra7 Qxb4 27. Qxb4 Bxb4 28. Rxb7 Bc3 29. f4 g5 30. g3 gxf4 31. gxf4 Bd4 32. Kf2 Bxe3+ 33. Kxe3 Ra8 34. f5 h6 35. f6 Ra1 36. Kf4 Rf1+ 37. Kg4 Re1 38. Re7 Kf8 39. Kh5 Re3 40. h4 Re4 41. Ra7 Rxe5+ 42. Kxh6 Ke8 43. Kg7 Rh5 44. Re7+ Kd8 45. Re4 Kd7 46. Kxf7 Rf5 47. Rd4+ Kc6 48. Kg6 1-0

[Event "Oberliga Nord W 1011"]
[Site "Germany"]
[Date "2011.04.10"]
[Round "9.8"]
[White "Petras, Nils"]
[Black "Degro, Heiko"]
[Result "0-1"]
[WhiteElo "1926"]
[BlackElo "2041"]
[PlyCount "40"]
[EventDate "2010.10.10"]
[EventType "team-tourn"]
[EventRounds "9"]
[EventCountry "GER"]
[SourceTitle "EXT 2012"]
[Source "ChessBase"]
[SourceDate "2011.11.24"]
[SourceVersion "1"]
[SourceVersionDate "2011.11.24"]
[SourceQuality "1"]
[WhiteTeam "Braunschweig Gliesmarode"]
[BlackTeam "Hannover PSC"]
[WhiteTeamCountry "GER"]
[BlackTeamCountry "GER"]

1. Nf3 d5 2. c4 e6 3. g3 Nf6 4. Bg2 Be7 5. 0-0 0-0 6. b3 c5 7. Bb2 Nc6 8. e3 b6 9. Nc3 Bb7 10. cxd5 exd5 11. d4 Ne4 12. Rc1 Bf6 13. Na4 Ba6 14. Re1 Nb4 15. Bf1 Bxf1 16. Rxf1 Nxa2 17. Rb1 Rc8 18. dxc5 b5 19. Bxf6 Qxf6 20. Ra1 bxa4 0-1